[Event "BWL2024/25 Schw.Hall-Heilbronn"]
[Site "?"]
[Date "2024.10.06"]
[Round "1.6"]
[White "Svana, Peter"]
[Black "Huber, Philipp"]
[Result "0-1"]
[WhiteElo "2260"]
[BlackElo "2294"]
[PlyCount "120"]
[EventDate "2024.10.06"]

1. c4 d6 2. Nc3 g6 3. Nf3 Bg7 4. g3 c5 5. Bg2 Nc6 6. O-O e5 7. d3 Nge7 8. a3
O-O 9. Rb1 b6 10. b4 Bb7 11. Nd2 Qd7 12. Nd5 cxb4 13. axb4 Nxd5 14. Bxd5 Nd4
15. Bxb7 Qxb7 16. e3 Ne6 17. Bb2 f5 18. f4 Rac8 19. Qb3 Qf7 20. Nf3 exf4 21.
gxf4 Rfe8 22. Bxg7 Kxg7 23. d4 h6 24. Rb2 Nf8 25. d5 Re4 26. Nd4 Qf6 27. Ra2
Rxd4 28. Rxa7+ Kg8 29. Qb2 Rcxc4 30. exd4 g5 31. b5 gxf4 32. Kh1 f3 33. Rxf3 f4
34. Qg2+ Ng6 35. Rf1 Kf8 36. Qg4 Rc3 37. Qd7 Ne7 38. Ra8+ Kg7 39. Qg4+ Qg5 40.
Rxf4 Rc1+ 41. Kg2 Nxd5 42. Qxg5+ hxg5 43. Re4 Rc2+ 44. Kg3 Rc3+ 45. Kf2 Nf4 46.
Rb8 Kg6 47. Rxb6 Kf5 48. Re8 Rc2+ 49. Ke1 Nd3+ 50. Kd1 Rxh2 51. Rxd6 Nb2+ 52.
Ke1 Nd3+ 53. Kf1 Rb2 54. Rd5+ Kg4 55. Rdd8 Kf3 56. Rf8+ Nf4 57. Ke1 g4 58. Rd7
g3 59. Rdf7 Ke3 60. Re7+ Kd3 0-1

[Event "BWL2024/25 Schw.Hall-Heilbronn"]
[Site "?"]
[Date "2024.10.06"]
[Round "1.7"]
[White "Neukirchner, Pascal"]
[Black "Mudrak, Josef"]
[Result "1-0"]
[WhiteElo "2257"]
[BlackElo "2207"]
[PlyCount "77"]
[EventDate "2024.10.06"]

1. Nf3 d6 2. d4 Nf6 3. Nc3 c6 4. e4 g6 5. h3 Bg7 6. Bd3 O-O 7. O-O Nfd7 8. Re1
e5 9. dxe5 dxe5 10. Bg5 Qc7 11. Be3 Rd8 12. Qd2 Nf8 13. Rad1 b5 14. Bg5 Re8 15.
Bf1 Ne6 16. Bh6 Bxh6 {( = )} 17. Qxh6 Bb7 18. Bxb5 cxb5 19. Nxb5 Qe7 20. Nd6
Nc6 21. Nxe8 Rxe8 22. c3 f6 23. Rd2 g5 24. h4 Bc8 25. hxg5 fxg5 26. Red1 Qg7
27. Qxg7+ Kxg7 28. Rd6 Na5 29. Nxe5 Nf4 30. Rd8 Rxe5 31. Rxc8 Rxe4 32. Rc7+ Kh6
33. g3 Ng6 34. Rdd7 Ne5 35. Rd6+ Kh5 36. Rxh7+ Kg4 37. Kg2 Re2 38. Re7 Nac4 39.
Rd4+ 1-0

[Event "BWL2024/25 Schw.Hall-Heilbronn"]
[Site "?"]
[Date "2024.10.06"]
[Round "1.8"]
[White "Danada, Tomas"]
[Black "Tschlatscher, Thomas"]
[Result "1/2-1/2"]
[WhiteElo "2175"]
[BlackElo "2219"]
[PlyCount "122"]
[EventDate "2024.10.06"]

1. c4 Nf6 2. d4 e6 3. Nc3 Bb4 4. e3 O-O 5. Bd2 d5 6. Nf3 b6 7. Rc1 Ba6 8. Qa4
c5 9. a3 Bxc3 10. Bxc3 Ne4 11. Be2 dxc4 12. Bxc4 Bb7 13. dxc5 Nxc5 14. Qd1
Qxd1+ 15. Kxd1 Ne4 16. Ke2 Rc8 17. Bb5 Nxc3+ 18. Rxc3 Rxc3 19. bxc3 Na6 20.
Bxa6 Bxa6+ 21. Kd2 Kf8 22. Rb1 Rd8+ 23. Kc1 Bb7 24. Ne1 e5 25. Rb5 e4 26. Rb2
Rc8 27. Kd2 Rc5 28. h4 Rd5+ 29. Kc1 Rc5 30. Kd2 Rd5+ 31. Kc1 Bc6 32. Nc2 Rd3
33. Nb4 Rxc3+ 34. Rc2 Rxc2+ 35. Kxc2 Ba4+ 36. Kc3 Ke7 37. Kd4 Kd6 38. g4 Bb3
39. Na6 Kc6 40. Kc3 Be6 41. g5 Bc8 42. Nb4+ Kc5 43. Nc2 b5 44. Nd4 Be6 45. h5
Bd7 46. h6 g6 47. Nb3+ Kd5 48. Kb4 Ke5 49. Nd4 f6 50. Nxb5 Bxb5 51. Kxb5 Kf5
52. gxf6 Kxf6 53. Ka6 Kg5 54. a4 Kxh6 55. a5 Kg5 56. Kxa7 h5 57. a6 h4 58. Kb6
h3 59. a7 h2 60. a8=Q {( = )} h1=Q 61. Kc5 Qc1+ 1/2-1/2

[Event "BWL2024/25 Deizisau II-Schmiden/C."]
[Site "?"]
[Date "2024.10.06"]
[Round "1.1"]
[White "Kabisch, Thilo"]
[Black "Klek, Hanna Marie"]
[Result "1/2-1/2"]
[WhiteElo "2228"]
[BlackElo "2291"]
[PlyCount "117"]
[EventDate "2024.10.06"]

1. e4 e5 2. Nf3 Nc6 3. Bb5 a6 4. Ba4 Nf6 5. O-O Be7 6. Re1 b5 7. Bb3 d6 8. c3
O-O 9. h3 Nb8 10. d4 Nbd7 11. Nbd2 Bb7 12. Bc2 Re8 13. Nf1 Bf8 14. Ng3 g6 15.
b3 exd4 16. cxd4 c5 17. Bb2 cxd4 18. Qxd4 Rc8 19. Re2 Qc7 20. Rd1 Ne5 21. Bb1
Nxf3+ 22. gxf3 Bg7 23. Rc2 Qb8 24. Rxc8 Bxc8 25. Qxd6 Qxd6 26. Rxd6 Nxe4 27.
fxe4 Bxb2 28. f4 Bxh3 29. Rxa6 Rd8 30. Kh2 Bg4 31. Nh1 Be2 32. Rc6 Bd4 33. Kg3
h5 34. e5 g5 35. fxg5 Bxe5+ 36. Kf2 Bg4 37. Be4 Bf4 38. Rc2 Bd1 39. Rc5 Rd2+
40. Ke1 Bg4 41. Nf2 Rd4 42. Rd5 Rxd5 43. Bxd5 Bf5 44. Ne4 h4 45. a4 bxa4 46.
bxa4 Kg7 47. Bb7 Bc7 48. Bc6 Bb6 49. Nd6 Be6 50. Be4 h3 51. Kf1 Kf8 52. Bf5 h2
53. Kg2 Bb3 54. Be4 Bxa4 55. Bd5 Bc7 56. Nxf7 Kg7 57. Nh6 Bd7 58. Be4 Bf4 59.
Nf5+ 1/2-1/2

[Event "BWL2024/25 Deizisau II-Schmiden/C."]
[Site "?"]
[Date "2024.10.06"]
[Round "1.2"]
[White "Ruf, Matthias"]
[Black "Eisele, Steffen"]
[Result "0-1"]
[WhiteElo "2315"]
[BlackElo "2230"]
[PlyCount "128"]
[EventDate "2024.10.06"]

1. Nf3 g6 2. c4 Bg7 3. Nc3 e5 4. d4 exd4 5. Nxd4 Nc6 6. e3 Nge7 7. Be2 O-O 8.
O-O d6 9. Nxc6 bxc6 10. Qd2 Nf5 11. Bf3 Bd7 12. g3 a5 13. Rb1 Qb8 14. Qd3 Qa7
15. Bd2 Rfe8 16. Rfe1 Rab8 17. Bg2 Qa6 18. Bf1 Be6 19. Na4 c5 20. Rec1 Ne7 21.
a3 Nc6 22. Qc2 Bf5 23. Bd3 Bxd3 24. Qxd3 Ne5 25. Qe4 Qc6 26. Qxc6 Nxc6 27. Rc2
Rb3 28. Nc3 Reb8 29. Nb5 Rb7 30. f4 a4 31. Kf2 Na7 32. Nc3 Bxc3 33. Bxc3 Rxa3
34. Rcc1 Rab3 35. Ra1 a3 36. bxa3 Nc8 37. Ke2 Nb6 38. Bf6 Na4 39. Kd2 Kf8 40.
g4 Ke8 41. g5 Ra7 42. Ra2 Nb6 43. Rc3 Raxa3 44. Rxa3 Rxa3 45. Rc2 Kd7 46. h4
Rb3 47. h5 gxh5 48. f5 h4 49. Rc1 h3 50. Ke2 Ra3 51. e4 h2 52. e5 Rh3 53. Rh1
Nxc4 54. e6+ fxe6 55. g6 hxg6 56. fxg6 Ke8 57. g7 Kf7 58. Kf2 Rh6 59. Bg5 Rh5
60. Bd8 c6 61. Kg3 Kxg7 62. Kg4 Rh8 63. Bh4 Ne3+ 64. Kf3 Rxh4 0-1

[Event "BWL2024/25 Deizisau II-Schmiden/C."]
[Site "?"]
[Date "2024.10.06"]
[Round "1.3"]
[White "Thoma, Christian"]
[Black "Gustain, Marc"]
[Result "1-0"]
[WhiteElo "2205"]
[BlackElo "2204"]
[PlyCount "123"]
[EventDate "2024.10.06"]

1. d4 d5 2. c4 dxc4 3. e3 e5 4. Bxc4 Nc6 5. Nf3 e4 6. Nfd2 Qg5 7. Nxe4 Qxg2 8.
Ng3 Nf6 9. Bf1 Qd5 10. Nc3 Bb4 11. Bd2 Qe6 12. Qa4 O-O 13. O-O-O Bd7 14. e4
Bxc3 15. bxc3 Qe7 16. Qc2 Qa3+ 17. Kb1 Na5 18. Bc1 Qa4 19. Qxa4 Bxa4 20. Re1 a6
21. c4 b5 22. c5 Rfd8 23. d5 Nd7 24. Bf4 Nc4 25. c6 Nde5 26. Bxc4 Nxc4 27. Bxc7
Rdc8 28. Bf4 f6 29. Nf5 Kf7 30. h4 g6 31. Nd6+ Nxd6 32. Bxd6 b4 33. f4 Bxc6 34.
dxc6 Rxc6 35. e5 fxe5 36. fxe5 Ke6 37. Rhf1 Re8 38. Rf6+ Kd5 39. Rc1 Rxc1+ 40.
Kxc1 Rc8+ 41. Kd2 Rc4 42. Bb8 Rxh4 43. Rxa6 g5 44. Ra5+ Ke6 45. Kd3 h5 46. Ra6+
Kd5 47. Ra5+ Ke6 48. Ba7 Rh3+ 49. Kc4 g4 50. Bd4 Ra3 51. Rb5 h4 52. Rb6+ Kf5
53. Rf6+ Kg5 54. Rf8 Rxa2 55. e6 Re2 56. e7 g3 57. e8=Q Rxe8 58. Rxe8 Kf4 59.
Kd3 h3 60. Be5+ Kf3 61. Rf8+ Kg2 62. Rg8 1-0

[Event "BWL2024/25 Deizisau II-Schmiden/C."]
[Site "?"]
[Date "2024.10.06"]
[Round "1.4"]
[White "Schippke, Manon"]
[Black "Trachtmann, Mark"]
[Result "1-0"]
[WhiteElo "2280"]
[BlackElo "2203"]
[PlyCount "83"]
[EventDate "2024.10.06"]

1. d4 g6 2. e4 Bg7 3. Nc3 d6 4. Bg5 h6 5. Bh4 c6 6. Qd2 b5 7. a3 Qb6 8. d5 a6
9. f4 Bd4 10. dxc6 Nxc6 11. Nd5 Qa7 12. Nf3 Bxb2 13. Bf2 Qb7 14. Rb1 Bg7 15. c4
b4 16. axb4 Nf6 17. Bd3 e6 18. Nb6 Rb8 19. h3 O-O 20. O-O Nd7 21. c5 Nxb6 22.
cxb6 e5 23. b5 axb5 24. Bxb5 Nd4 25. Nxd4 exd4 26. Bd3 Bd7 27. Qb4 Rfc8 28.
Bxd4 Bxd4+ 29. Qxd4 Rc6 30. f5 g5 31. h4 Rxb6 32. hxg5 hxg5 33. Qf6 Rxb1 34.
Qxg5+ Kf8 35. Bxb1 Qb2 36. Qh6+ Ke7 37. Rd1 Qe5 38. Qh4+ Ke8 39. Ba2 Rb2 40.
Bd5 Qg7 41. e5 Bxf5 42. Bc6+ 1-0

[Event "BWL2024/25 Deizisau II-Schmiden/C."]
[Site "?"]
[Date "2024.10.06"]
[Round "1.5"]
[White "Holzhaeuer, Mathias"]
[Black "Flierl, Pascal"]
[Result "1/2-1/2"]
[WhiteElo "2203"]
[BlackElo "2171"]
[PlyCount "63"]
[EventDate "2024.10.06"]

1. e4 c6 2. d4 d5 3. exd5 cxd5 4. Bd3 e6 5. Nf3 Bd6 6. O-O Nc6 7. a3 Nge7 8. c4
dxc4 9. Bxc4 O-O 10. Nc3 a6 11. Qd3 Ng6 12. Rd1 Qa5 13. Qe4 Qf5 14. d5 exd5 15.
Bxd5 Qxe4 16. Bxe4 Rd8 17. Be3 Be6 18. Bb6 Rd7 19. Nd4 Nxd4 20. Rxd4 Be5 21.
Rxd7 Bxd7 22. Rd1 Bc6 23. Bxc6 bxc6 24. Na4 Nf4 25. b4 Nd5 26. Ba5 Nc3 27. Nxc3
Bxc3 28. Rc1 Bb2 29. Rxc6 Bxa3 30. g4 f6 31. Kg2 Rb8 32. Rxa6 1/2-1/2

[Event "BWL2024/25 Deizisau II-Schmiden/C."]
[Site "?"]
[Date "2024.10.06"]
[Round "1.6"]
[White "Koellner, Aaron Noah"]
[Black "Loehr, Markus"]
[Result "1/2-1/2"]
[WhiteElo "2105"]
[BlackElo "2196"]
[PlyCount "153"]
[EventDate "2024.10.06"]

1. d4 Nf6 2. Nf3 g6 3. Nbd2 d5 4. e3 Bg7 5. b4 O-O 6. c4 c6 7. a4 Bg4 8. Be2
Ne4 9. Qb3 Nxd2 10. Bxd2 dxc4 11. Qxc4 Nd7 12. Bc3 Bxf3 13. Bxf3 e5 14. Rd1 Qe7
15. O-O exd4 16. Bxd4 Ne5 17. Bc5 Qf6 18. Qe2 Nxf3+ 19. Qxf3 Rfd8 {( = )} 20.
Rxd8+ Rxd8 21. Bxa7 Ra8 22. Bc5 Rxa4 23. Qg4 Qe6 24. Qxe6 fxe6 25. g3 Bc3 26.
Rb1 Ra1 27. Rxa1 Bxa1 28. Kf1 Kf7 29. Ke2 Be5 30. Kd3 h5 31. e4 Bc7 32. h3 b6
33. Bd4 b5 34. Bc5 Ke8 35. Kd4 Kd7 36. e5 Bd8 37. f3 Bc7 38. f4 Bd8 39. g4 hxg4
40. hxg4 Bh4 41. Ke4 Be1 42. f5 gxf5+ 43. gxf5 Bc3 44. Bd6 Be1 45. Bc5 Bg3 46.
Bd6 Be1 47. Kf4 Bd2+ 48. Kg4 Bc3 49. Bf8 Bd2 50. Bc5 Bc1 51. Bf8 Bd2 52. Bd6
Bc1 53. Bc5 Bd2 54. f6 Ke8 55. Kf3 Bc3 56. Ke4 Be1 57. Ke3 Bc3 58. Bd6 Be1 59.
Ke2 Bc3 60. Kd3 Be1 61. Bc5 Bg3 62. Bd4 Be1 63. Bc3 Bf2 64. Bd2 c5 65. bxc5
Bxc5 66. Be3 Ba3 67. Kc3 Kf7 68. Kb3 Bf8 69. Bc1 Bc5 70. Ba3 Bd4 71. Bd6 Be3
72. Kb4 Bg5 73. Kxb5 Bxf6 74. exf6 Kxf6 75. Kc4 e5 76. Kd3 e4+ 77. Kxe4 1/2-1/2

[Event "BWL2024/25 Deizisau II-Schmiden/C."]
[Site "?"]
[Date "2024.10.06"]
[Round "1.7"]
[White "Krockenberger, Martin"]
[Black "Koellner, Christof"]
[Result "1-0"]
[WhiteElo "2125"]
[BlackElo "2110"]
[PlyCount "71"]
[EventDate "2024.10.06"]

1. d4 d6 2. e4 Nf6 3. Nc3 e5 4. Nge2 c6 5. h3 b5 6. a3 a5 7. Be3 Be7 8. Ng3
exd4 9. Qxd4 O-O 10. Be2 Na6 11. O-O Qc7 12. Rad1 Rd8 13. Bf4 Nc5 14. Qxc5 dxc5
15. Bxc7 Re8 16. e5 Nd7 17. Bf3 Ra6 18. Nce4 Nf8 19. Bd6 Ne6 20. Bg4 Ra8 21.
Bxe7 Rxe7 22. Nxc5 g6 23. Bxe6 Bxe6 24. Nxe6 Rxe6 25. f4 b4 26. axb4 axb4 27.
Ra1 Rc8 28. Ra7 c5 29. Rd1 Ree8 30. Rdd7 Rf8 31. Ne4 c4 32. e6 b3 33. Rxf7 Rxf7
34. Rxf7 bxc2 35. Nf6+ Kh8 36. Rxh7# 1-0

[Event "BWL2024/25 Deizisau II-Schmiden/C."]
[Site "?"]
[Date "2024.10.06"]
[Round "1.8"]
[White "Fruechel, Marcel"]
[Black "Hamburg, Arthur"]
[Result "1-0"]
[WhiteElo "1933"]
[BlackElo "2009"]
[PlyCount "57"]
[EventDate "2024.10.06"]

1. Nf3 d5 2. d4 Nf6 3. Bf4 c5 4. e3 Qb6 5. Qc1 Nc6 6. c3 Bf5 7. Nbd2 e6 8. Nh4
Rc8 9. Nxf5 exf5 10. dxc5 Bxc5 11. Nb3 Be7 12. Qd1 a5 13. a4 O-O 14. Bb5 Rfd8
15. O-O Ne4 16. h3 g5 17. Bh2 f4 18. exf4 d4 19. Qf3 f5 20. fxg5 dxc3 21. Qxf5
Nxg5 22. Rae1 Rf8 23. Qd5+ Nf7 24. Re6 Nb4 25. Qf5 Qd8 26. bxc3 Rxc3 27. Qg4+
Kh8 28. Rxe7 Rxb3 29. Be5+ 1-0

[Event "BWL2024/25 Bebenhausen-Jedesheim"]
[Site "?"]
[Date "2024.10.06"]
[Round "1.1"]
[White "Krassowizkij, Jaroslaw"]
[Black "Braun, Georg"]
[Result "1-0"]
[WhiteElo "2435"]
[BlackElo "2384"]
[PlyCount "79"]
[EventDate "2024.10.06"]

{[%evp 0,57,33,25,18,18,20,27,73,27,23,30,22,13,9,7,37,13,77,83,83,37,36,-8,46,
10,49,72,20,41,32,29,64,32,32,32,112,141,180,108,208,208,252,292,284,284,305,
284,349,113,437,265,295,340,257,249,575,554,29997,29998]} 1. e4 c5 2. Nf3 g6 3.
d4 cxd4 4. Nxd4 Nc6 5. c4 Nf6 6. Nc3 d6 7. Be2 Nxd4 8. Qxd4 Bg7 9. Bg5 O-O 10.
Qd2 Be6 11. O-O Rc8 12. b3 b5 13. e5 dxe5 14. Nxb5 Qxd2 15. Bxd2 Ne4 16. Ba5 a6
17. Na7 Rce8 18. Rac1 Bh6 19. Rcd1 f6 20. Bf3 Nc5 21. Bc6 Rb8 22. Bc7 Rb4 23.
Rfe1 Kf7 24. Ba5 Rbb8 25. Bc7 Rb4 26. Ba5 Rbb8 27. b4 Nb7 28. Bc7 Bxc4 29. Bxb8
Rxb8 30. Bd5+ Bxd5 31. Rxd5 Nd6 32. Rb1 Ke6 33. Rc5 Kd7 34. Rc6 a5 35. b5 Bd2
36. Rc2 Bb4 37. a4 Nf5 38. Nc6 Ra8 39. Nxb4 Nd4 40. Nd5 1-0

[Event "BWL2024/25 Bebenhausen-Jedesheim"]
[Site "?"]
[Date "2024.10.06"]
[Round "1.2"]
[White "Waffenschmidt, Lars"]
[Black "Atlas, Valery"]
[Result "1/2-1/2"]
[WhiteElo "2291"]
[BlackElo "2394"]
[PlyCount "99"]
[EventDate "2024.10.06"]

1. e4 c5 2. Nf3 e6 3. d4 cxd4 4. Nxd4 Nc6 5. Nc3 d6 6. Be2 Nf6 7. O-O Be7 8.
Be3 O-O 9. f4 e5 10. Nxc6 bxc6 11. Kh1 Qc7 12. fxe5 dxe5 13. Bc4 Bg4 14. Qe1
Bh5 15. Bg5 Bg6 16. Qh4 Rae8 17. Rad1 Nh5 18. Rd2 Bxg5 19. Qxg5 Nf6 20. Re1 Rd8
21. Rxd8 Rxd8 22. Qe3 Qb6 23. Qxb6 axb6 24. Bd3 b5 25. a3 Nd7 26. Kg1 Nc5 27.
Re3 Kf8 28. Kf2 Ke7 29. g3 f6 30. b4 Nxd3+ 31. Rxd3 Ra8 32. Ke3 Bf7 33. Nd1 g6
34. Nb2 f5 35. Rc3 fxe4 36. Rxc6 Bd5 37. Rc3 Kd6 38. Ke2 h5 39. h4 Be6 40. Re3
Kd5 41. Kd2 Bg4 42. Rc3 Kd4 43. Re3 Ra7 44. c3+ Kd5 45. Ke1 Ra8 46. Kd2 Rf8 47.
Ke1 Ra8 48. Kd2 Rf8 49. Ke1 Ra8 50. Kd2 1/2-1/2

[Event "BWL2024/25 Bebenhausen-Jedesheim"]
[Site "?"]
[Date "2024.10.06"]
[Round "1.3"]
[White "Pikula, Dejan"]
[Black "Hartmann, Martin"]
[Result "1-0"]
[WhiteElo "2302"]
[BlackElo "2132"]
[PlyCount "119"]
[EventDate "2024.10.06"]

1. e4 e5 2. Nf3 Nc6 3. Bc4 Bc5 4. c3 Nf6 5. d3 a6 6. a4 d6 7. O-O Ba7 8. Nbd2
O-O 9. h3 h6 10. Re1 Be6 11. Bb3 b5 12. Nf1 Qd7 13. Ng3 Ne7 14. d4 Bxb3 15.
Qxb3 Ng6 16. Be3 exd4 17. Bxd4 Bxd4 18. Nxd4 bxa4 19. Qxa4 Qxa4 20. Rxa4 Rfb8
21. Re2 Rb6 22. Ndf5 Rb3 23. Ne3 Nf4 24. Rd2 g6 25. Ne2 Ne6 26. f3 Nc5 27. Ra2
a5 28. Nd4 Rbb8 29. Nc6 Nb3 30. Rd1 Rb6 31. Nd4 a4 32. Nxb3 Rxb3 33. Rda1 a3
34. Nc4 Kf8 35. Rxa3 Raxa3 36. Rxa3 Rb7 37. Ra5 Nh5 38. Kf1 Nf4 39. b4 Ke7 40.
h4 Kd7 41. g3 Ne6 42. Ke2 g5 43. h5 Ng7 44. g4 Ne6 45. Kd2 Rb8 46. Ne3 Ng7 47.
Ra7 Kd8 48. Nd5 Ne6 49. Ke3 Kd7 50. c4 Kd8 51. b5 Rc8 52. Kd3 Nc5+ 53. Kd4 Ne6+
54. Kc3 Rb8 55. Ne3 Ng7 56. Kd3 Rc8 57. b6 cxb6 58. Rxf7 Ne8 59. Nd5 Ra8 60.
Nxb6 1-0

[Event "BWL2024/25 Bebenhausen-Jedesheim"]
[Site "?"]
[Date "2024.10.06"]
[Round "1.5"]
[White "Vojinovic, Luka"]
[Black "Moss, Guy"]
[Result "0-1"]
[WhiteElo "2243"]
[BlackElo "2163"]
[PlyCount "126"]
[EventDate "2024.10.06"]

1. d4 d5 2. c4 e6 3. Nc3 Nf6 4. cxd5 exd5 5. Bg5 c6 6. e3 Nbd7 7. Bd3 Bd6 8.
Nge2 h6 9. Bh4 O-O 10. f3 Qa5 11. O-O Re8 12. Qd2 c5 13. Rad1 b6 14. Nc1 c4 15.
Bb1 Bb7 16. Qe1 Bb4 17. Bf2 b5 18. N1e2 Qb6 19. Ng3 Bf8 20. e4 b4 21. Na4 Qa5
22. b3 dxe4 23. fxe4 cxb3 24. axb3 Nxe4 25. Bxe4 Bxe4 26. Nxe4 f5 27. Qe2 fxe4
28. Nc5 Nxc5 29. dxc5 e3 30. Bxe3 Qxc5 31. Rd3 Qb5 32. Qd2 Bc5 33. Bxc5 Qxc5+
34. Qf2 Qxf2+ 35. Rxf2 Re1+ 36. Rf1 Rae8 37. Rd7 a5 38. Rd5 R8e5 39. Rd8+ Kh7
40. Ra8 Rxf1+ 41. Kxf1 g5 42. Ra6 h5 43. Kf2 Kg7 44. h3 Kf7 45. g3 g4 46. hxg4
hxg4 47. Rc6 Rf5+ 48. Kg2 Rf3 49. Rc5 Rxb3 50. Rxa5 Re3 51. Rf5+ Ke6 52. Rf4 b3
53. Rxg4 Kd5 54. Rb4 Kc5 55. Rb8 Kc4 56. Kh3 Kc3 57. Kh4 b2 58. g4 Re7 59. Rxb2
Kxb2 60. Kh5 Kc3 61. g5 Kd4 62. g6 Kd5 63. Kh6 Ke6 0-1

[Event "BWL2024/25 Bebenhausen-Jedesheim"]
[Site "?"]
[Date "2024.10.06"]
[Round "1.6"]
[White "Khadempour, Farhad"]
[Black "Bossinger, Patrick"]
[Result "1/2-1/2"]
[WhiteElo "2127"]
[BlackElo "2093"]
[PlyCount "109"]
[EventDate "2024.10.06"]

1. c4 Nf6 2. Nc3 c5 3. e4 Nc6 4. a3 g6 5. g3 Bg7 6. Bg2 d6 7. Nge2 O-O 8. O-O
Bg4 9. h3 Bxe2 10. Nxe2 Ne8 11. Rb1 a5 12. b3 Nc7 13. Bb2 Ne6 14. Bxg7 Kxg7 15.
f4 Rb8 16. Nc3 Ned4 17. Kh2 Qd7 18. a4 e6 19. d3 Ne7 20. Qd2 b6 21. h4 Rbe8 22.
Rf2 Ng8 23. Bh3 f5 24. Qb2 Ne7 25. Bg2 Kg8 26. Re1 Nec6 27. Re3 Qg7 28. Nd1 Re7
29. Qc3 Rfe8 30. Kh1 Kh8 31. Re1 h6 32. Ref1 Rf8 33. Ne3 Qf6 34. exf5 gxf5 35.
Bxc6 Nxc6 36. Qxf6+ Rxf6 37. Nc2 Rg7 38. Rg1 Kg8 39. Kg2 Kf8 40. Kf3 Ke7 41.
Re2 Kd7 42. Re3 h5 43. Rg2 Re7 {( = )} 44. Rge2 Nd4+ 45. Kf2 Nxe2 46. Rxe2 Rg7
47. d4 cxd4 48. Nxd4 Rg8 49. Rd2 Ke7 50. Rd3 Rc8 51. Ke3 Rg6 52. Kf2 Rf6 53.
Ke3 Rg6 54. Kf2 Rf6 55. Ke3 1/2-1/2

[Event "BWL2024/25 Bebenhausen-Jedesheim"]
[Site "?"]
[Date "2024.10.06"]
[Round "1.7"]
[White "Jaskulski, Jan"]
[Black "Latzke, Boris"]
[Result "0-1"]
[WhiteElo "1995"]
[BlackElo "2166"]
[PlyCount "104"]
[EventDate "2024.10.06"]

1. e4 e5 2. Nf3 Nc6 3. Bb5 a6 4. Ba4 Nf6 5. O-O Be7 6. Re1 b5 7. Bb3 d6 8. c3
O-O 9. h3 Nb8 10. d4 Nbd7 11. Nbd2 Bb7 12. Bc2 Re8 13. Nf1 Bf8 14. Ng3 g6 15.
a4 c5 16. d5 c4 17. Bg5 h6 18. Be3 Qc7 19. h4 h5 20. Ng5 Bg7 21. f3 Nc5 22. Nf1
Reb8 23. Nd2 Bc8 24. axb5 axb5 25. b4 cxb3 26. Nxb3 Na4 27. Bd3 Nxc3 28. Qc2 b4
29. Rec1 Bd7 30. Qb2 Qd8 31. Nd2 Na4 32. Qb1 Ne8 33. Nc4 b3 34. Ra3 b2 35. Rc2
Rb7 36. Ra2 Bb5 37. Bf1 Rc8 38. Nxb2 Nc3 39. Qc1 Rbc7 40. Ra8 Rxa8 41. Rxc3
Bxf1 42. Kxf1 Ra3 43. Rc6 Ra6 44. Nd3 Qb8 45. Qc4 Qb1+ 46. Kf2 Qa2+ 47. Qxa2
Rxa2+ 48. Kf1 Rb7 49. Rc8 Kf8 50. Nc1 Ra3 51. Kf2 Rb2+ 52. Ne2 Raa2 0-1

[Event "BWL2024/25 Bebenhausen-Jedesheim"]
[Site "?"]
[Date "2024.10.06"]
[Round "1.8"]
[White "Roth, Juergen Eugen"]
[Black "Buechele, Johannes"]
[Result "1-0"]
[WhiteElo "2126"]
[BlackElo "1905"]
[PlyCount "97"]
[EventDate "2024.10.06"]

1. Nf3 d5 2. b3 Nf6 3. Bb2 Bf5 4. e3 e6 5. Be2 h6 6. O-O Be7 7. Ne5 Nbd7 8. f4
Nxe5 9. fxe5 Nd7 10. Bg4 Bh7 11. Qf3 O-O 12. d3 c6 13. Nd2 Bb4 14. Rf2 Qe7 15.
Qf4 Ba3 16. Bc3 a5 17. Raf1 Bg6 18. Nf3 Bb4 19. Ba1 Bc5 20. d4 Bb6 21. c3 Bc7
22. Qg3 Bd3 23. Rd1 Be4 24. Qh3 Rae8 25. Nd2 Bc2 26. Rc1 Bd3 27. Bb2 f5 28. Bh5
Ra8 29. Re1 a4 30. b4 Nb6 31. Nf3 Bd8 32. Bc1 Be4 33. g4 Kh7 34. gxf5 exf5 35.
Nd2 Qg5+ 36. Kf1 Bd3+ 37. Be2 Bxe2+ 38. Rexe2 Qh4 39. Qg2 Be7 40. Rf3 Qh5 41.
Rh3 Qf7 42. Rf2 Qe6 43. Nf3 Kg8 44. Ne1 Bg5 45. Nd3 Nc4 46. Qf3 b6 47. Rg2 Kf7
48. Rhg3 Rg8 49. h4 1-0